India's reluctant urbanization : (Record no. 52493)
[ view plain ]
| 000 -LEADER | |
|---|---|
| fixed length control field | 00722nam a2200265Ia 4500 |
| 005 - DATE AND TIME OF LATEST TRANSACTION | |
| control field | 20260429112128.0 |
| 008 - FIXED-LENGTH DATA ELEMENTS--GENERAL INFORMATION | |
| fixed length control field | 260429s9999||||xx |||||||||||||| ||und|| |
| 020 ## - INTERNATIONAL STANDARD BOOK NUMBER | |
| International Standard Book Number | 9781349960897 |
| 041 ## - LANGUAGE CODE | |
| Language | English |
| 082 ## - DEWEY DECIMAL CLASSIFICATION NUMBER | |
| Classification number | 307.760 |
| Item number | TIW |
| 100 ## - MAIN ENTRY--PERSONAL NAME | |
| Personal name | Tiwari, Piyush |
| 245 #0 - TITLE STATEMENT | |
| Title | India's reluctant urbanization : |
| Remainder of title | thinking beyond / |
| Statement of responsibility, etc | Piyush Tiwari |
| 250 ## - EDITION STATEMENT | |
| Edition statement | 1st ed. |
| 260 ## - PUBLICATION, DISTRIBUTION, ETC. (IMPRINT) | |
| Place of publication, distribution, etc | United Kingdom : |
| Name of publisher, distributor, etc | Palgrave Macmillan, |
| Date of publication, distribution, etc | 2024. |
| 300 ## - PHYSICAL DESCRIPTION | |
| Extent | vii, 259 p.; hb |
| 650 ## - SUBJECT ADDED ENTRY--TOPICAL TERM | |
| Topical term or geographic name as entry element | Cities and towns |
| 650 ## - SUBJECT ADDED ENTRY--TOPICAL TERM | |
| Topical term or geographic name as entry element | india |
| 650 ## - SUBJECT ADDED ENTRY--TOPICAL TERM | |
| Topical term or geographic name as entry element | Urbanization |
| 700 ## - ADDED ENTRY--PERSONAL NAME | |
| Personal name | Ankinapalli, Pavan |
| 700 ## - ADDED ENTRY--PERSONAL NAME | |
| Personal name | Gulati, Manisha |
| 700 ## - ADDED ENTRY--PERSONAL NAME | |
| Personal name | Hingorani, Pritika |
| 700 ## - ADDED ENTRY--PERSONAL NAME | |
| Personal name | Nair, Ranesh |
| 700 ## - ADDED ENTRY--PERSONAL NAME | |
| Personal name | Rao, Jyoti |
| 942 ## - ADDED ENTRY ELEMENTS (KOHA) | |
| Koha item type | Text Books |
| Withdrawn status | Lost status | Damaged status | Not for loan | Collection code | Home library | Location | Shelving location | Date of Cataloging | Source of acquisition | Total Checkouts | Full call number | Barcode | Date last seen | Price effective from | Koha item type |
|---|---|---|---|---|---|---|---|---|---|---|---|---|---|---|---|
| Non-fiction | CUTN Central Library | CUTN Central Library | Social Sciences | 29/04/2026 | TBH Library Book Suppliers, Chennai - Invoice No. SINV00732 on 09-02-2026 | 307.760 TIW | 57580 | 29/04/2026 | 29/04/2026 | Text Books |
